000 003270000a22001450004500
001 005614
003 MACL
040 _aMACL
090 _c17607
_d17606
245 _aHayat Baad al Maut
_bKhan Munshi Akhtar Mohd
260 _aRifah e Aam Prees Shahjehanpur
350 _a6.00
650 _aUrdu Literature
942 _k891
_cBook
999 _c17496
_d17496